| 000 | 00823nam a2200289 i 4500 | ||
|---|---|---|---|
| 001 | 9913 | ||
| 003 | ES-MaACL | ||
| 005 | 20250814053132.0 | ||
| 007 | t| | ||
| 008 | 940509s1993 sp ||||1| spa d | ||
| 020 | _a84-322-0694-6 | ||
| 080 | _a9(04) | ||
| 080 | _a133 | ||
| 100 | 1 |
_aCaro Baroja, Julio, _d1914-1995 _935403 |
|
| 245 | 1 | 0 |
_aJardín de flores raras / _cJulio Caro Baroja. |
| 250 | _a[1ª ed.]. | ||
| 260 |
_aBarcelona : _bSeix Barral, _c1993. |
||
| 300 |
_a159 p. : _bil. ; _c21 cm. |
||
| 490 | 1 | _aBiblioteca breve | |
| 500 | _aIndice. | ||
| 650 | 4 |
_aHistoria- _xCuriosidades y enigmas. _913378 |
|
| 650 | 7 |
_aOcultismo _2embne _915681 |
|
| 650 | 1 | 4 |
_aMitos geográficos. _915112 |
| 830 | 0 |
_aBiblioteca breve (Seix Barral) _9227188 |
|
| 852 |
_aES-MaACL _jL-17380 _bR.122502 |
||
| 999 |
_c9913 _d9913 |
||